000 01334cam a2200337 a 4500
001 3701
003 FISKH
005 20240422144129.0
008 081113s2009 ilua j b 001 0 eng
010 _a 2008049206
020 _a9781432927455 (hc)
020 _a9781432927523 (pb)
040 _aDLC
_cDLC
_dDLC
_beng
050 0 0 _aQB631.4
_b.G85 2009
082 0 0 _a525
_222
100 1 _aGuillain, Charlotte.
245 1 0 _aEarth /
_cCharlotte Guillain.
260 _aChicago :
_bHeinemann Library,
_c2009.
300 _a24 pages :
_bcolor illustrations ;
_c18 × 21 cm.
490 0 _aSpace
504 _aIncludes index.
505 _aF
520 _aRead this book to find out about our planet, Earth. Books in this series introduce children to outer space. Each book uses simple, repetitive text to teach children basic vocabulary, and includes stunning photographs and artwork to show the main features of our Solar System. In Earth, children learn what kind of planet Earth is, how sunlight affects Earth, and about Earth's place in the Solar System.
521 8 _a300
_bLexile
521 8 _aF
_bRaz-Plus
651 0 _aEarth (Planet)
_vJuvenile literature.
651 0 _aSolar system
_vJuvenile literature.
906 _a7
_bcbc
_corignew
_d1
_eecip
_f20
_gy-gencatlg
942 _2ddc
_cBK
_n0
999 _c3701
_d3701